[Event "C.to Europeo U18"]
[Site "Fermo ITA"]
[Date "2009.09.08"]
[Round "8"]
[White "Kopylov, Alexander A."]
[Black "Recuero Guerra, David"]
[Result "0-1"]
[WhiteElo "2442"]
[BlackElo "2460"]
[PlyCount "108"]
[EventDate "2009.08.31"]

1. Nf3 d5 2. d4 Nf6 3. g3 c5 4. Bg2 cxd4 5. O-O h6 6. Nxd4 e5 7. Nb3 Nc6 8. c4
Be6 9. cxd5 Bxd5 10. Nc3 Bxg2 11. Kxg2 Be7 12. e4 O-O 13. Be3 Bb4 14. Qf3 Bxc3
15. bxc3 b6 16. Rfd1 Qe7 17. c4 Rfd8 18. c5 bxc5 19. Bxc5 Qe6 20. Qe2 a5 21.
Ba3 Nd4 22. Nxd4 exd4 23. Bb2 Nxe4 24. Bxd4 Rac8 25. h4 Rc4 26. Be3 Rdc8 27.
Qh5 Rc2 28. Qxa5 Qg4 29. Qe5 R8c3 30. Re1 Rxf2+ 31. Kg1 Qf3 32. Qe8+ Kh7 33.
Qxe4+ Qxe4 34. Bxf2 Qf5 35. a4 Rc2 36. Rf1 Qf6 37. Ra3 Qd6 38. Rf3 f6 39. a5
Ra2 40. Bb6 Qd5 41. R1f2 Ra1+ 42. Kg2 g5 43. hxg5 hxg5 44. g4 Qe4 45. Kg3 Rg1+
46. Kh2 Rxg4 47. Bc7 Rh4+ 48. Rh3 Rxh3+ 49. Kxh3 Kg6 50. Kg3 f5 51. Rf3 Qc6 52.
Bb8 Qc5 53. Rd3 Qxa5 54. Bd6 Qe1+ 0-1

[Event "C.to Europeo U18"]
[Site "Fermo ITA"]
[Date "2009.09.08"]
[Round "8"]
[White "Kourousis, Epaminondas"]
[Black "Georgescu, Tiberiu-Marian"]
[Result "0-1"]
[WhiteElo "2237"]
[BlackElo "2382"]
[PlyCount "80"]
[EventDate "2009.08.31"]

1. Nf3 c5 2. c4 Nc6 3. g3 g6 4. Bg2 Bg7 5. O-O d6 6. Nc3 e5 7. d3 Nge7 8. a3
O-O 9. Rb1 a5 10. Ne1 Be6 11. Nc2 d5 12. cxd5 Nxd5 13. Nxd5 Bxd5 14. b4 cxb4
15. axb4 Bxg2 16. Kxg2 a4 17. b5 Nd4 18. Ba3 Re8 19. Nxd4 Qxd4 20. Kg1 Qd5 21.
Qd2 e4 22. Qe3 exd3 23. Qxd3 Qxd3 24. exd3 Re2 25. Rfe1 Rxe1+ 26. Rxe1 Bf8 27.
Ra1 Bxa3 28. Rxa3 Kf8 29. Kf1 Ke7 30. Ke2 Kd6 31. d4 Kd5 32. Kd3 b6 33. f3 f5
34. Ra2 g5 35. Ra3 f4 36. gxf4 gxf4 37. Ra2 h5 38. Ra3 h4 39. Ra1 a3 40. Ra2
Re8 0-1

[Event "C.to Europeo U18"]
[Site "Fermo ITA"]
[Date "2009.09.08"]
[Round "8"]
[White "Krejci, Jan"]
[Black "Paichadze, Luka"]
[Result "1-0"]
[WhiteElo "2453"]
[BlackElo "2420"]
[PlyCount "127"]
[EventDate "2009.08.31"]

1. e4 c6 2. d4 d5 3. Nd2 dxe4 4. Nxe4 Bf5 5. Nc5 Qc7 6. Bd3 Bg6 7. Nf3 e6 8.
O-O Nf6 9. Re1 Nbd7 10. Nxd7 Nxd7 11. c4 Rd8 12. Bg5 Nf6 13. Bxg6 hxg6 14. Qa4
Bd6 15. h3 O-O 16. Rac1 c5 17. dxc5 Bxc5 18. b4 Be7 19. c5 Nd5 20. Bxe7 Qxe7
21. b5 Rc8 22. c6 bxc6 23. bxc6 Rc7 24. Nd4 Rfc8 25. a3 Nf4 26. Rc3 Qg5 27. Rg3
Qf6 28. Rge3 e5 29. Nf3 Rxc6 30. Nxe5 Rc1 31. Qxa7 Nd5 32. Re4 Qf5 33. Qd4 Nf4
34. Rxc1 Rxc1+ 35. Kh2 Ne6 36. Qe3 Rc2 37. Nf3 Qd5 38. Rb4 Qd6+ 39. g3 Qd1 40.
Re4 Rc1 41. Ne1 Rc7 42. a4 Qd5 43. Re5 Qa2 44. a5 Rb7 45. Kg2 Rb1 46. Qe4 Rb2
47. Nd3 Rc2 48. a6 Rd2 49. Qe3 Rd1 50. a7 Ra1 51. Nc5 Qb1 52. a8=Q+ Rxa8 53.
Nxe6 Ra1 54. Kf3 Qh1+ 55. Kg4 f5+ 56. Kh4 Ra4+ 57. f4 Kh7 58. Ng5+ Kh6 59. Nf7+
Kh7 60. Re8 Ra8 61. Rxa8 Qxa8 62. Qe6 Qb8 63. Kg5 Kg8 64. Ne5+ 1-0

[Event "C.to Europeo U18"]
[Site "Fermo ITA"]
[Date "2009.09.08"]
[Round "8"]
[White "Leniart, Arkadiusz"]
[Black "Pavlidis, Anastasios"]
[Result "1-0"]
[WhiteElo "2390"]
[BlackElo "2348"]
[PlyCount "93"]
[EventDate "2009.08.31"]

1. e4 c5 2. Nf3 d6 3. d4 Nf6 4. Nc3 cxd4 5. Nxd4 g6 6. Be3 Bg7 7. f3 O-O 8. Qd2
Nc6 9. g4 Be6 10. O-O-O Nxd4 11. Bxd4 Qa5 12. a3 Rab8 13. Kb1 Rfc8 14. g5 Nh5
15. Nd5 Qxd2 16. Rxd2 Bxd5 17. exd5 Bxd4 18. Rxd4 h6 19. Bh3 Rc7 20. f4 Kg7 21.
Bg4 hxg5 22. fxg5 Rh8 23. Re1 f6 24. gxf6+ Nxf6 25. h3 Nxg4 26. hxg4 Kf6 27. c4
a6 28. a4 b5 29. cxb5 axb5 30. a5 Rc4 31. Re6+ Kf7 32. Ree4 Rh1+ 33. Ka2 Rcc1
34. Kb3 Rc5 35. Kb4 Ra1 36. b3 Rc7 37. Re6 g5 38. Rd3 Ra7 39. Rf3+ Ke8 40. Rfe3
Kd8 41. Re1 Ra2 42. R6e2 R7xa5 43. Rxe7 Ra7 44. Re8+ Kc7 45. R1e7+ Kb6 46. Rb8+
Ka6 47. Re6 1-0

[Event "C.to Europeo U18"]
[Site "Fermo ITA"]
[Date "2009.09.08"]
[Round "8"]
[White "Martin Fuentes, Alberto"]
[Black "Janse, Rasmus"]
[Result "0-1"]
[WhiteElo "2244"]
[BlackElo "2127"]
[PlyCount "100"]
[EventDate "2009.08.31"]

1. e4 e6 2. d4 d5 3. Nc3 Bb4 4. Bd2 dxe4 5. Qg4 g6 6. Qxe4 Nf6 7. Qd3 Nbd7 8.
Nf3 b6 9. a3 Bf8 10. Bg5 Bb7 11. O-O-O h6 12. Bf4 Bg7 13. Qd2 Nd5 14. Nxd5 Bxd5
15. Bb5 c6 16. Bd3 b5 17. h4 a5 18. Bd6 Qb6 19. h5 Bxf3 20. Bc5 Nxc5 21. dxc5
Qxc5 22. gxf3 b4 23. Qe3 Bd4 24. Qe4 bxa3 25. bxa3 Bc3 26. Qa4 Qb6 27. Qb3 Qxb3
28. cxb3 g5 29. Be4 Rc8 30. Rd6 Ke7 31. Rhd1 f5 32. Rd7+ Kf6 33. Bd3 Rcd8 34.
Bc4 Rxd7 35. Rxd7 Be1 36. Rd6 Re8 37. Rxc6 Bxf2 38. Kd1 g4 39. fxg4 fxg4 40.
Ke2 Bd4 41. Ra6 Kf5 42. Rxa5+ Kf4 43. Ra6 g3 44. Kf1 Kf3 45. Be2+ Ke3 46. Bc4
Rf8+ 47. Kg2 Rf2+ 48. Kxg3 Be5+ 49. Kg4 Rg2+ 50. Kh3 Kf3 0-1

[Event "C.to Europeo U18"]
[Site "Fermo ITA"]
[Date "2009.09.08"]
[Round "8"]
[White "Massoni, Michael"]
[Black "Filippas, Sebastian"]
[Result "1/2-1/2"]
[WhiteElo "2291"]
[BlackElo "2224"]
[PlyCount "58"]
[EventDate "2009.08.31"]

1. e4 c5 2. Nf3 d6 3. c3 Nf6 4. Be2 Bg4 5. O-O e6 6. h3 Bh5 7. d4 Nxe4 8. d5
Nd7 9. dxe6 fxe6 10. Re1 d5 11. Bd3 Be7 12. Bxe4 dxe4 13. Rxe4 O-O 14. Nbd2
Bxf3 15. Nxf3 Ne5 16. Be3 Nxf3+ 17. gxf3 Rf6 18. Qb3 Qd7 19. Rd1 Qc6 20. Bf4
Raf8 21. Bg3 Rg6 22. Qa4 b5 23. Qxa7 Bd6 24. Kh2 Rxg3 25. fxg3 Rxf3 26. Rf4
Rxf4 27. gxf4 Bxf4+ 28. Kg1 Be3+ 29. Kh2 Bf4+ 1/2-1/2

[Event "C.to Europeo U18"]
[Site "Fermo ITA"]
[Date "2009.09.08"]
[Round "8"]
[White "Nabaty, Tamir"]
[Black "Ter-Sahakyan, Samvel"]
[Result "1/2-1/2"]
[WhiteElo "2504"]
[BlackElo "2480"]
[PlyCount "104"]
[EventDate "2009.08.31"]

1. e4 c5 2. Nf3 d6 3. d4 Nf6 4. Nc3 cxd4 5. Nxd4 Nc6 6. Bg5 Bd7 7. f3 a6 8. Qd2
Nxd4 9. Qxd4 Qa5 10. Bd2 Rc8 11. Nd5 Qc5 12. Qxc5 Rxc5 13. c4 Nxd5 14. cxd5 g6
15. Be3 Rc7 16. Bb6 Rc2 17. Kd1 Rc8 18. Bd4 f6 19. Bd3 Bh6 20. Rf1 O-O 21. f4
f5 22. e5 Bb5 23. Bxb5 axb5 24. Ke2 Rc4 25. Rad1 Ra8 26. a3 b4 27. axb4 Rxb4
28. g3 dxe5 29. fxe5 Rd8 30. Bc3 Re4+ 31. Kf2 Bg7 32. Rfe1 Rxe1 33. Kxe1 Kf8
34. Ke2 Ke8 35. Ke3 Ra8 36. Kd4 e6 37. Kc5 exd5 38. Kd6 Rd8+ 39. Ke6 Bf8 40.
Rxd5 Rc8 41. Rb5 Rc7 42. Bb4 Bxb4 43. Rxb4 Re7+ 44. Kf6 Rf7+ 45. Kg5 Rc7 46. e6
Ke7 47. Rb6 Rc4 48. Rxb7+ Kxe6 49. h3 Rc2 50. Rxh7 Rxb2 51. Rg7 Rb3 52. Rxg6+
Ke5 1/2-1/2

[Event "C.to Europeo U18"]
[Site "Fermo ITA"]
[Date "2009.09.08"]
[Round "8"]
[White "Nitelea, Alexandru-Barbu"]
[Black "Stankovic, Milos"]
[Result "0-1"]
[WhiteElo "2099"]
[BlackElo "2306"]
[PlyCount "90"]
[EventDate "2009.08.31"]

1. e4 c5 2. c3 Nf6 3. e5 Nd5 4. d4 cxd4 5. cxd4 d6 6. Nf3 Nc6 7. Bc4 e6 8. Qe2
Be7 9. O-O O-O 10. Rd1 a6 11. a3 Na5 12. Bd3 Nb3 13. Bxh7+ Kh8 14. Bc2 Nxa1 15.
Ng5 Bxg5 16. Qh5+ Bh6 17. Bxh6 g6 18. Bxg6 fxg6 19. Qxg6 Rg8 20. Qe4 Qe8 21.
Qh4 Qg6 22. g3 Bd7 23. Nc3 Qh7 24. Nxd5 Rg6 25. Nb6 Rxh6 26. Qf4 Rd8 27. Nxd7
Qg7 28. exd6 Rxd7 29. Rxa1 Rf6 30. Qe5 Qh6 31. d5 Kh7 32. Rd1 Qg6 33. Rd4 Qf5
34. Rh4+ Kg7 35. f4 exd5 36. Qe8 Rf8 37. Qe2 Rc8 38. Qd1 Rxd6 39. Rh5 Qe6 40.
Re5 Qd7 41. Rg5+ Rg6 42. Qd4+ Kf7 43. Rh5 Qe6 44. f5 Rc1+ 45. Kf2 Rc2+ 0-1

[Event "C.to Europeo U18"]
[Site "Fermo ITA"]
[Date "2009.09.08"]
[Round "8"]
[White "Pelagalli, Marco"]
[Black "Mereu, Matteo"]
[Result "0-1"]
[WhiteElo "1836"]
[BlackElo "1964"]
[PlyCount "72"]
[EventDate "2009.08.31"]

1. e4 e5 2. Nf3 d5 3. exd5 Bd6 4. Nc3 Nf6 5. Bb5+ c6 6. dxc6 O-O 7. c7 Qxc7 8.
d3 Bg4 9. Bg5 Nbd7 10. h3 Be6 11. Qe2 Nd5 12. Ne4 Qa5+ 13. Bd2 Bb4 14. Bxd7
Bxd7 15. a3 Bxd2+ 16. Qxd2 Qc7 17. O-O Nf4 18. Rfe1 Rae8 19. Qc3 Qb8 20. Ned2
f6 21. d4 Bc6 22. g3 Nxh3+ 23. Kg2 Ng5 24. Qb3+ Kh8 25. d5 Nxf3 26. Nxf3 Bd7
27. Rac1 f5 28. Qe3 f4 29. gxf4 exf4 30. Qd4 Rf6 31. Ne5 f3+ 32. Kg1 Bh3 33. d6
Bg2 34. Qd5 Ref8 35. Re3 Qd8 36. Rce1 Rh6 0-1

[Event "C.to Europeo U18"]
[Site "Fermo ITA"]
[Date "2009.09.08"]
[Round "8"]
[White "Piccoli, Vincenzo"]
[Black "Ollier, Pablo"]
[Result "0-1"]
[WhiteElo "2007"]
[BlackElo "2226"]
[PlyCount "52"]
[EventDate "2009.08.31"]

1. e4 e6 2. d4 d5 3. Nc3 Bb4 4. e5 c5 5. Qg4 Ne7 6. Nf3 Nbc6 7. Bb5 Nf5 8. O-O
O-O 9. Bxc6 bxc6 10. Bg5 Qc7 11. dxc5 Bxc5 12. b4 Bb6 13. Na4 Ba6 14. Rfe1 Kh8
15. Nd2 Bb5 16. Nxb6 axb6 17. c4 dxc4 18. Nxc4 h6 19. Be3 Bxc4 20. Qxc4 b5 21.
Qc5 Rfd8 22. Rec1 Rd5 23. Qc3 Qxe5 24. Qxc6 Rad8 25. Qb6 R5d6 26. Qc7 Rd1+ 0-1

[Event "C.to Europeo U18"]
[Site "Fermo ITA"]
[Date "2009.09.08"]
[Round "8"]
[White "Poetz, Florian"]
[Black "Getz, Nicolai"]
[Result "0-1"]
[WhiteElo "2364"]
[BlackElo "2219"]
[PlyCount "82"]
[EventDate "2009.08.31"]

1. e4 e5 2. Nf3 Nc6 3. Bb5 a6 4. Ba4 Nf6 5. O-O b5 6. Bb3 Be7 7. Re1 d6 8. c3
O-O 9. h3 Na5 10. Bc2 c5 11. d4 Qc7 12. Nbd2 cxd4 13. cxd4 Rd8 14. d5 Bd7 15.
Nf1 Rdc8 16. Ne3 Nb7 17. g4 g6 18. Bd2 a5 19. b3 Nc5 20. Qb1 h5 21. g5 Nh7 22.
h4 f6 23. Kh1 fxg5 24. hxg5 Nxg5 25. Nxg5 Bxg5 26. Rg1 Bxe3 27. Bxe3 Bg4 28.
Bd1 Qe7 29. Bxg4 Qh4+ 30. Kg2 Qxg4+ 31. Kf1 Qh3+ 32. Ke2 Kh7 33. f3 Qh2+ 34.
Bf2 Rf8 35. Rg3 Rac8 36. Qg1 Qxg1 37. Raxg1 Nxe4 38. fxe4 Rc2+ 39. Ke1 Rcxf2
40. Rxg6 Rf1+ 41. Ke2 R8f2+ 0-1

[Event "C.to Europeo U18"]
[Site "Fermo ITA"]
[Date "2009.09.08"]
[Round "8"]
[White "Ponizil, Cyril"]
[Black "Biryukov, Mikhail"]
[Result "1-0"]
[WhiteElo "2314"]
[BlackElo "2187"]
[PlyCount "61"]
[EventDate "2009.08.31"]

1. e4 c5 2. Nf3 Nc6 3. d4 cxd4 4. Nxd4 Nf6 5. Nc3 e5 6. Ndb5 d6 7. Bg5 a6 8.
Na3 b5 9. Nd5 Be7 10. Bxf6 Bxf6 11. c4 b4 12. Nc2 a5 13. Qf3 Bg5 14. h4 Bh6 15.
g4 f6 16. Rg1 O-O 17. Qg3 g6 18. g5 Bg7 19. O-O-O f5 20. c5 f4 21. Qh2 Nd4 22.
Nxd4 exd4 23. h5 Be6 24. hxg6 hxg6 25. Bh3 Bxh3 26. Qxh3 Re8 27. Qb3 Kf8 28.
Rg4 Be5 29. Nf6 Bxf6 30. Rxf4 Qe7 31. Rh1 1-0

[Event "C.to Europeo U18"]
[Site "Fermo ITA"]
[Date "2009.09.08"]
[Round "8"]
[White "Prohaszka, Peter"]
[Black "Janev, Tihomir"]
[Result "0-1"]
[WhiteElo "2508"]
[BlackElo "2322"]
[PlyCount "106"]
[EventDate "2009.08.31"]

1. Nf3 Nf6 2. g3 b5 3. Bg2 Bb7 4. O-O e6 5. d3 Be7 6. c4 b4 7. b3 O-O 8. Bb2 d6
9. Nbd2 Nbd7 10. e4 a5 11. Ne1 Nc5 12. a4 e5 13. Qe2 Nfd7 14. Nc2 Bf6 15. Rab1
Re8 16. f4 exf4 17. d4 f3 18. Bxf3 Ne6 19. Rbd1 c5 20. e5 Bxf3 21. Qxf3 dxe5
22. dxe5 Ng5 23. Qg2 Bxe5 24. Bxe5 Nxe5 25. h4 Qd3 26. hxg5 Qxc2 27. Ne4 Qxg2+
28. Kxg2 Nxc4 29. Rde1 Rxe4 30. Rxe4 Nd2 31. Re5 Nxf1 32. Kxf1 Rc8 33. Ke2 f6
34. gxf6 gxf6 35. Re6 c4 36. bxc4 Rxc4 37. Rxf6 Rc2+ 38. Kd3 Ra2 39. Ra6 Rxa4
40. Kc4 Kg7 41. g4 Ra3 42. g5 b3 43. Kc3 a4 44. Ra7+ Kg6 45. Kb2 Ra2+ 46. Kb1
a3 47. Ra5 Kh5 48. Rb5 Rg2 49. Rxb3 Rb2+ 50. Rxb2 axb2 51. Kxb2 Kxg5 52. Kc2
Kg4 53. Kd2 Kf3 0-1

[Event "C.to Europeo U18"]
[Site "Fermo ITA"]
[Date "2009.09.08"]
[Round "8"]
[White "Rocks, Daniel"]
[Black "Mammadov, Ayaz Arzu Oglu"]
[Result "0-1"]
[WhiteElo "2037"]
[BlackElo "2331"]
[PlyCount "60"]
[EventDate "2009.08.31"]

1. e4 e5 2. Nf3 Nc6 3. Bc4 Bc5 4. c3 Nf6 5. d3 d6 6. b4 Bb6 7. a4 a5 8. b5 Ne7
9. h3 h6 10. Qb3 O-O 11. g4 d5 12. exd5 e4 13. dxe4 Nxe4 14. Ra2 Ng6 15. Be3
Qf6 16. Be2 Nf4 17. Rh2 Nxe2 18. Kxe2 Re8 19. Nd4 Qe5 20. Nf3 Qd6 21. Kd1 Bxe3
22. fxe3 Nc5 23. Qc4 Rxe3 24. Nd4 Rd3+ 25. Rhd2 Rxh3 26. Nf5 Bxf5 27. gxf5 Re8
28. Re2 Rh1+ 29. Kc2 Rxe2+ 30. Qxe2 Rh2 0-1

[Event "C.to Europeo U18"]
[Site "Fermo ITA"]
[Date "2009.09.08"]
[Round "8"]
[White "Rombaldoni, Axel"]
[Black "To, Nhat Minh"]
[Result "0-1"]
[WhiteElo "2425"]
[BlackElo "2366"]
[PlyCount "82"]
[EventDate "2009.08.31"]

1. e4 Nf6 2. e5 Nd5 3. d4 d6 4. Nf3 dxe5 5. Nxe5 c6 6. Bc4 Nd7 7. Nf3 N7f6 8.
O-O Bg4 9. Nbd2 e6 10. Bb3 Be7 11. Nc4 O-O 12. Nce5 Bh5 13. c4 Nb6 14. c5 Nbd7
15. Nd3 Nd5 16. Bxd5 exd5 17. Nf4 Bxf3 18. Qxf3 Re8 19. b4 a6 20. a4 Bf6 21.
Be3 g6 22. g3 Re4 23. Ne2 Nf8 24. Nc3 Re8 25. Qd1 Ne6 26. Qd3 Ng7 27. b5 axb5
28. axb5 Nf5 29. b6 Qe7 30. Rae1 Qd7 31. f3 Rxe3 32. Rxe3 Bxd4 33. Nd1 Bxc5 34.
Kh1 Nxe3 35. Nxe3 Bxe3 36. Qxe3 d4 37. Qe5 Re8 38. Qc5 d3 39. Rd1 h5 40. Qc3
Rd8 41. Rd2 Qd4 0-1

[Event "C.to Europeo U18"]
[Site "Fermo ITA"]
[Date "2009.09.08"]
[Round "8"]
[White "Setala, Touko"]
[Black "Gallucci, Alessio"]
[Result "1/2-1/2"]
[WhiteElo "1808"]
[BlackElo "2240"]
[PlyCount "75"]
[EventDate "2009.08.31"]

1. e4 c5 2. Nc3 Nc6 3. f4 g6 4. Nf3 Bg7 5. Bb5 Nd4 6. O-O Nxb5 7. Nxb5 d5 8.
exd5 a6 9. Nc3 Nf6 10. d4 c4 11. Qe2 Nxd5 12. Qxc4 Be6 13. Qd3 Bf5 14. Qd1 Rc8
15. Bd2 O-O 16. Rc1 Nb6 17. Ne2 Nc4 18. b3 Nb2 19. Qe1 Bxc2 20. Qg3 Qd6 21. Ne5
Bf5 22. Bc3 Qa3 23. Qe3 f6 24. Bxb2 Qxb2 25. Nc4 Qxa2 26. Rf2 e5 27. Ng3 exf4
28. Rxf4 Bh6 29. Nxf5 Bxf4 30. Ne7+ Kg7 31. Qxf4 Rce8 32. Re1 Qxb3 33. Qc7 Rf7
34. Nd6 Rexe7 35. Rxe7 Qd1+ 36. Kf2 Qxd4+ 37. Kf1 Qf4+ 38. Kg1 1/2-1/2

[Event "C.to Europeo U18"]
[Site "Fermo ITA"]
[Date "2009.09.08"]
[Round "8"]
[White "Smola, Michal"]
[Black "Swiercz, Dariusz"]
[Result "0-1"]
[WhiteElo "2231"]
[BlackElo "2492"]
[PlyCount "76"]
[EventDate "2009.08.31"]

1. e4 e6 2. d3 c5 3. Nf3 Nc6 4. g3 g6 5. Bg2 Bg7 6. O-O Nge7 7. Re1 d6 8. Nbd2
O-O 9. Nf1 e5 10. c3 h6 11. a3 b5 12. b4 Be6 13. Be3 cxb4 14. axb4 f5 15. Qd2
Kh7 16. Ra6 Qd7 17. Rea1 Rfc8 18. Ne1 Rc7 19. f4 Rd8 20. d4 fxe4 21. Bxe4 exd4
22. Bxd4 Nxd4 23. cxd4 d5 24. Bb1 Bg4 25. Ne3 h5 26. Qb2 Nc6 27. N1c2 Re8 28.
R1a3 Re4 29. Rd3 Rc8 30. Ba2 Ne7 31. Na1 Nf5 32. Nxd5 Re1+ 33. Kf2 Rcc1 34.
Qxc1 Rxc1 35. Nf6+ Bxf6 36. Rxf6 Qe8 37. Re6 Qd8 38. Ra6 Rxa1 0-1

[Event "C.to Europeo U18"]
[Site "Fermo ITA"]
[Date "2009.09.08"]
[Round "8"]
[White "Soors, Stef"]
[Black "Cabrera Trujillo, Jorge Juan"]
[Result "1/2-1/2"]
[WhiteElo "2222"]
[BlackElo "2410"]
[PlyCount "57"]
[EventDate "2009.08.31"]

1. d4 d5 2. c4 c6 3. Nf3 Nf6 4. cxd5 cxd5 5. Nc3 Nc6 6. Bf4 Bf5 7. Qb3 Na5 8.
Qa4+ Bd7 9. Qc2 e6 10. e3 a6 11. Bd3 Rc8 12. O-O b5 13. Qe2 Be7 14. Ne5 Qb6 15.
Bg5 h6 16. Bxf6 Bxf6 17. f4 Bxe5 18. fxe5 b4 19. Nd1 Bb5 20. Nf2 Rc7 21. Rfc1
O-O 22. Bxb5 axb5 23. Nd3 b3 24. Rxc7 Qxc7 25. Rc1 bxa2 26. Rxc7 a1=Q+ 27. Qf1
Qxf1+ 28. Kxf1 Rb8 29. Ke2 1/2-1/2

[Event "C.to Europeo U18"]
[Site "Fermo ITA"]
[Date "2009.09.08"]
[Round "8"]
[White "Torres Ventosa, Pedro Eugenio"]
[Black "Hookham, Jamie"]
[Result "1-0"]
[WhiteElo "2135"]
[BlackElo "1997"]
[PlyCount "79"]
[EventDate "2009.08.31"]

1. d4 Nf6 2. Nf3 g6 3. Bg5 Bg7 4. c3 d6 5. Nbd2 Nbd7 6. e3 b6 7. Bd3 Bb7 8. O-O
O-O 9. Re1 c5 10. e4 e5 11. d5 h6 12. Bh4 Qc7 13. Bg3 Nh5 14. Nh4 Nf4 15. Bf1
Bf6 16. c4 Bxh4 17. Bxh4 g5 18. Bg3 Qd8 19. Nf3 f6 20. h4 Kf7 21. Nh2 Rg8 22.
Ng4 Qf8 23. Ne3 Nb8 24. Be2 Bc8 25. h5 Nxe2+ 26. Qxe2 Bd7 27. a3 Qc8 28. Rec1
Kg7 29. b4 Na6 30. Rab1 Rf8 31. Rb3 f5 32. exf5 Bxf5 33. b5 Nc7 34. a4 Bh7 35.
a5 Qd7 36. Ra1 Qf7 37. Rba3 Rfb8 38. Ng4 Qxh5 39. Bxe5+ dxe5 40. Qxe5+ 1-0

[Event "C.to Europeo U18"]
[Site "Fermo ITA"]
[Date "2009.09.08"]
[Round "8"]
[White "Vardanian, Haik G."]
[Black "Yilmaz, Mustafa"]
[Result "1/2-1/2"]
[WhiteElo "2300"]
[BlackElo "2432"]
[PlyCount "188"]
[EventDate "2009.08.31"]

1. d4 d5 2. c4 c6 3. Nf3 Nf6 4. e3 Bf5 5. cxd5 cxd5 6. Qb3 Qc8 7. Nc3 e6 8. Bd2
Nc6 9. Rc1 Nd7 10. Nh4 Bg6 11. Nxg6 hxg6 12. g3 Be7 13. Bg2 Nb6 14. O-O O-O 15.
Rfd1 Qd7 16. Be1 Rfd8 17. Bf1 Na5 18. Qc2 Rac8 19. Qe2 Nac4 20. e4 Nd6 21. e5
Nf5 22. g4 Nh4 23. f4 g5 24. Bxh4 gxh4 25. Rd3 Nc4 26. Qf2 b5 27. Rh3 g6 28.
Bd3 b4 29. Nb1 Kg7 30. Rf1 Rh8 31. Kh1 Rcf8 32. b3 Nb6 33. Nd2 f5 34. exf6+
Rxf6 35. g5 Rff8 36. Rxh4 Bd6 37. Rh6 Rxh6 38. gxh6+ Kxh6 39. Qh4+ Kg7 40. Bxg6
Kxg6 41. Rg1+ Kf7 42. Qh5+ Ke7 43. Rg7+ Kd8 44. Rxd7+ Nxd7 45. Nf3 Bxf4 46. Ng5
Rf6 47. Qh4 Bxg5 48. Qxg5 Ke8 49. h4 Rf5 50. Qg6+ Ke7 51. h5 Nf8 52. Qg7+ Rf7
53. Qe5 Rf5 54. Qg7+ Rf7 55. Qg5+ Ke8 56. Kg2 Rf5 57. Qd2 a5 58. Qe2 Rg5+ 59.
Kh3 Kf7 60. Kh4 Rf5 61. Qa6 Rf4+ 62. Kg3 Rf5 63. Qxa5 Rxh5 64. Qxb4 Nd7 65. a4
Nf6 66. a5 Ne4+ 67. Kf3 Rh3+ 68. Ke2 Rh2+ 69. Kd3 Ra2 70. a6 e5 71. Qb7+ Ke6
72. Qc6+ Nd6 73. dxe5 Kxe5 74. Qb6 Ne4 75. Qb8+ Kf5 76. Ke3 Rxa6 77. Kd4 Re6
78. Kxd5 Nf6+ 79. Kc4 Rc6+ 80. Kd4 Ke6 81. b4 Nd7 82. Qf4 Ke7 83. b5 Rb6 84.
Qg5+ Kd6 85. Qf4+ Ke7 86. Kc4 Kd8 87. Kb4 Rf6 88. Qd4 Kc7 89. Qa7+ Kc8 90. Ka5
Kd8 91. Qb7 Ke7 92. Qc7 Ke8 93. Kb4 Ke7 94. Kc4 Rb6 1/2-1/2

[Event "C.to Europeo U18"]
[Site "Fermo ITA"]
[Date "2009.09.08"]
[Round "8"]
[White "Vukcevic, Nemanja"]
[Black "Varga, David"]
[Result "0-1"]
[WhiteElo "1996"]
[BlackElo "2285"]
[PlyCount "74"]
[EventDate "2009.08.31"]

1. e4 e5 2. Nf3 Nf6 3. Nxe5 d6 4. Nf3 Nxe4 5. d4 d5 6. Bd3 Nc6 7. O-O Be7 8.
Nc3 Nxc3 9. bxc3 Bg4 10. Re1 O-O 11. Rb1 b6 12. h3 Bh5 13. Bf4 Bd6 14. Bxd6
Qxd6 15. Re3 Bg6 16. Qe2 Qa3 17. Re1 Bxd3 18. Qxd3 Qxa2 19. Qf5 Rad8 20. Ng5 g6
21. Qg4 Kg7 22. Qh4 h6 23. Nf3 Qxc2 24. Nh2 Rd6 25. Ng4 h5 26. Re8 Rxe8 27.
Rxe8 Qc1+ 28. Kh2 Qf4+ 29. Kg1 Re6 30. g3 Qc1+ 31. Kg2 Rxe8 32. Qf6+ Kg8 33.
Qxc6 Re6 34. Qa8+ Kg7 35. Ne5 Qxc3 36. Nd7 Qa3 37. Qxd5 Qd6 0-1

[Event "C.to Europeo U18"]
[Site "Fermo ITA"]
[Date "2009.09.08"]
[Round "8"]
[White "Zamengo, Bruno"]
[Black "Albertini, Luca"]
[Result "0-1"]
[WhiteElo "1847"]
[BlackElo "1950"]
[PlyCount "44"]
[EventDate "2009.08.31"]

1. e4 e5 2. Nf3 Nc6 3. Bb5 a6 4. Ba4 Nf6 5. O-O b5 6. Bb3 Be7 7. Re1 d6 8. h3
Na5 9. c3 Nxb3 10. Qxb3 Be6 11. Qc2 Qc8 12. Kh2 c5 13. d3 h6 14. Nbd2 g5 15.
Nf1 Nh5 16. Ne3 g4 17. Nxg4 Bxg4 18. hxg4 Qxg4 19. Ng1 Rg8 20. g3 Nxg3 21. f3
Qh4+ 22. Nh3 Nf1+ 0-1

[Event "C.to Europeo U18"]
[Site "Fermo ITA"]
[Date "2009.09.09"]
[Round "9"]
[White "Albano, Axel"]
[Black "Zamengo, Bruno"]
[Result "0-1"]
[WhiteElo "1524"]
[BlackElo "1847"]
[PlyCount "76"]
[EventDate "2009.08.31"]

1. d4 Nf6 2. Nf3 c5 3. c3 Nc6 4. Bg5 e6 5. e4 Be7 6. Nbd2 b6 7. Bd3 cxd4 8.
cxd4 Nb4 9. Qb3 Nxd3+ 10. Qxd3 h6 11. Bh4 O-O 12. e5 Nd5 13. Bxe7 Qxe7 14. Nc4
Ba6 15. Nfd2 d6 16. Qa3 Bxc4 17. Nxc4 Qg5 18. g3 dxe5 19. dxe5 b5 20. f4 Nxf4
21. gxf4 Qh4+ 22. Qg3 Qxg3+ 23. hxg3 bxc4 24. Rc1 Rab8 25. Rc2 Rb4 26. a3 Rb3
27. Kf2 Rfb8 28. Rhc1 Rxb2 29. Rxb2 Rxb2+ 30. Kf1 Rb3 31. Rxc4 Rxa3 32. Rc8+
Kh7 33. Rc7 Kg6 34. Kg2 Ra6 35. Kf3 f6 36. Rc4 fxe5 37. fxe5 Kf5 38. Re4 Ra3+
0-1

[Event "C.to Europeo U18"]
[Site "Fermo ITA"]
[Date "2009.09.09"]
[Round "9"]
[White "Albertini, Luca"]
[Black "Ketzetzis, Georgios"]
[Result "1/2-1/2"]
[WhiteElo "1950"]
[BlackElo "2222"]
[PlyCount "66"]
[EventDate "2009.08.31"]

1. d4 d5 2. c4 c6 3. cxd5 cxd5 4. Nc3 Nf6 5. Nf3 Nc6 6. Bf4 Nh5 7. Bd2 e6 8. e3
Bd6 9. Bb5 g6 10. Bxc6+ bxc6 11. Na4 Nf6 12. Rc1 Bd7 13. Nc5 Rb8 14. b3 O-O 15.
Qc2 Rc8 16. Nb7 Qe7 17. Nxd6 Qxd6 18. Qc5 Qxc5 19. Rxc5 Ne4 20. Ra5 Nxd2 21.
Kxd2 Rc7 22. Rc1 f6 23. Ne1 Kf7 24. Nd3 Rb8 25. Rac5 Ke7 26. f4 Kd6 27. g4 h6
28. Rg1 g5 29. Rcc1 Rg8 30. Rcf1 Ke7 31. Rg3 Rcc8 32. Nc5 Rcf8 33. h3 Bc8
1/2-1/2

[Event "C.to Europeo U18"]
[Site "Fermo ITA"]
[Date "2009.09.09"]
[Round "9"]
[White "Alonso Rosell, Alvar"]
[Black "Benidze, Davit"]
[Result "0-1"]
[WhiteElo "2461"]
[BlackElo "2437"]
[PlyCount "106"]
[EventDate "2009.08.31"]

1. d4 Nf6 2. c4 e6 3. Nc3 Bb4 4. Qc2 O-O 5. a3 Bxc3+ 6. Qxc3 b6 7. Bg5 Bb7 8.
e3 d6 9. Ne2 Nbd7 10. Qc2 c5 11. Rd1 Qe7 12. Nc3 h6 13. Bh4 cxd4 14. Rxd4 Ne5
15. Qd1 Rad8 16. Bg3 a6 17. f3 Qc7 18. Be2 Nh5 19. Bh4 Rd7 20. O-O Ng6 21. Bf2
Nf6 22. Qb3 Rfd8 23. Rfd1 d5 24. cxd5 Nxd5 25. Nxd5 Rxd5 26. Rxd5 Rxd5 27. e4
Rxd1+ 28. Qxd1 Nf4 29. Bf1 e5 30. Qd2 Kh7 31. Be3 Ne6 32. Qc3 Qd6 33. Bf2 b5
34. Qd3 Qc6 35. Qc3 Qd6 36. Be3 f6 37. Kf2 Bc6 38. Qd3 Qc7 39. g3 Bd7 40. Qc3
Qd6 41. Qd3 Qc7 42. h4 Nd8 43. Qc3 Qb7 44. Qc5 Be6 45. Bd3 Qd7 46. Be2 Nc6 47.
Bf1 Na5 48. Qa7 Qd1 49. Bc5 Nc6 50. Qb6 Qc2+ 51. Kg1 Qb1 52. Bf8 Bh3 53. Qf2
Nd4 0-1

[Event "C.to Europeo U18"]
[Site "Fermo ITA"]
[Date "2009.09.09"]
[Round "9"]
[White "Attuati, Stefano"]
[Black "Della Mora, David"]
[Result "1-0"]
[WhiteElo "1776"]
[BlackElo "1665"]
[PlyCount "65"]
[EventDate "2009.08.31"]

1. e4 d6 2. d4 g6 3. Nc3 Nf6 4. Be3 Bg7 5. f3 O-O 6. Qd2 Nbd7 7. O-O-O c6 8.
Bh6 b5 9. Kb1 Nb6 10. h4 a5 11. h5 b4 12. Nce2 Re8 13. hxg6 fxg6 14. Bxg7 Kxg7
15. Qh6+ Kh8 16. Nf4 Rg8 17. Nxg6+ Rxg6 18. Qxg6 Be6 19. Bd3 Qg8 20. e5 dxe5
21. dxe5 Qxg6 22. Bxg6 Kg7 23. exf6+ Kxg6 24. fxe7 Nd5 25. Ne2 Re8 26. Nd4 Bd7
27. Rde1 a4 28. Nxc6 Bxc6 29. Re6+ Kg7 30. Rxc6 Rxe7 31. Rd6 Nf4 32. Rd4 Nxg2
33. Rg4+ 1-0